Every ATP tournament won by Nick Kyrgios - Statistics

General Stats
  • This quiz has been taken 8 times
  • The average score is 4 of 7
Answer Stats
Year ATP Title % Correct
2019 Acapulco
88%
2019 Washington D.C.
88%
2022 Washington D.C.
88%
2018 Brisbane
75%
2016 Tokyo
50%
2016 Atlanta
38%
2016 Marseille
13%
No matching quizzes found
Score Distribution
Percent of People with Each Score
Percentile by Number Answered
Your Score History
You have not taken this quiz